000 01634nam a2200349 i 4500
003 CSPC
005 20250515103859.0
008 250514s2022 ph b 000 0 eng d
020 _a9786214270972
040 _cCSPC
_aCSPC
_beng
_erda
082 0 4 _a658.15
_bAg97f
100 1 _aAgustin-Acierto, Marife,
_eauthor.
245 1 0 _aFinancial management /
_cMarife Agustin-Acierto, Gilfred Abad Acierto, and Ryan Canon Roque ; edited by Lenis Aislinn C. Separa.
264 1 _aIntramuros, Manila :
_bUnlimited Books Library Services & Publishing Inc.,
_c2022.
300 _aviii, 529 pages ;
_c26 cm.
336 _2rdacontent
_atext
337 _2rdamedia
_aunmediated
338 _2rdacarrier
_avolume
504 _aIncludes bibliographical references.
505 0 _aIntroduction to financial management -- Understanding financial statement -- Financial statements analysis -- Working capital and cash management -- Receivable management -- Inventory management -- Financial forecasting -- Short term financing management -- Financial planning -- Time value of money -- Capital budgeting -- Long term financing decisions -- Risks and rates of return.
650 0 _aFinancial management.
650 0 _aFinance.
650 0 _aBusiness enterprises
_vFinance.
650 0 _aBudgeting.
650 0 _aInvestments.
650 0 _aAccounting.
700 1 _aAcierto, Gilfred Abad,
_eauthor.
700 1 _aRoque, Ryan Canon,
_eauthor.
700 1 _aSepara, Lenis Aislinn C.,
_eeditor.
942 _2ddc
_n0
_cBK
_h658.15
_iAg97f
_kFIL
_m2022
999 _c29564
_d29564